| 000 | 00516nam a2200205Ia 4500 | ||
|---|---|---|---|
| 003 | OSt | ||
| 005 | 20140319092053.0 | ||
| 008 | 140130s9999 xx 000 0 und d | ||
| 020 | _a0439121949 | ||
| 050 |
_aPZ 8.3 _b.Si5715Mi 1999 |
||
| 100 | _aSiddals, Mary Mckenna | ||
| 245 |
_aMillions of snowflakes / _cMary Mckenna Siddals. |
||
| 260 |
_bScholastic, _c1999. _aNew York : |
||
| 300 |
_a25 p. : _bcol. ill. ; _c17 cm. |
||
| 440 | _v1 | ||
| 521 | _aBR | ||
| 526 | _cBR | ||
| 942 |
_cBK _2lcc |
||
| 999 |
_c41524 _d41524 |
||